000 01668cam a2200397Ii 4500
001 on1124985367
003 TZ-ArACH
005 20210127133026.0
008 191027s2020 enka b 001 0 eng d
020 _a1509784896
_qpaperback
020 _a9781509784899
_qpaperback
035 _a(OCoLC)1124985367
040 _aYDX
_beng
_erda
_cTZ-ArACH
_dYDXIT
_dOCLCF
043 _ae-uk---
049 _aTZAA
050 4 _aHD57
_b.A23 2020
245 0 0 _aACCA - Strategic business leader (SBL)
_pworkbook
_cAssociation of Chartered Certified Accountants (ACCA)
_bfor exams in September 2020, December 2020, March 2021 and June 2021.
246 3 0 _aStrategic business leader (SBL) :
_bfor exams in September 2020, December 2020, March 2021 and June 2021
250 _aThird edition.
260 _aLondon :
_bBPP Learning Media,
_c2020.
300 _axxviii, 532 pages :
_billustrations ;
_c30 cm
500 _a"ACCA approved content"--Cover.
504 _aIncludes bibliographical references and index.
505 0 _aApproved -- Workbook.
530 _aAlso published electronically.
610 2 0 _aAssociation of Chartered Certified Accountants (Great Britain)
_xExaminations
_vStudy guides.
610 2 7 _aAssociation of Chartered Certified Accountants (Great Britain)
_2fast
650 0 _aLeadership
_xExaminations
_vStudy guides.
650 0 _aStrategic planning
_xExaminations
_vStudy guides.
650 0 _aAccountants
_xCertification
_zGreat Britain
_xExaminations
_vStudy guides.
650 7 _aExaminations.
_2fast
651 7 _aGreat Britain.
_2fast
655 7 _aStudy guides.
_2fast
710 2 _aBPP Learning Media (Firm),
_epublisher.
942 _2lcc
_cBOOK
999 _c6339
_d6339